[Event "GRE-ch (Women) 45th"]
[Site "Athens"]
[Date "2023.12.07"]
[Round "7"]
[White "Amiridou, Dimitra"]
[Black "Grapsa, Georgia"]
[Result "1-0"]
[WhiteElo "1844"]
[BlackElo "1963"]
[PlyCount "135"]
[EventDate "2023.12.01"]
[EventType "tourn"]
[EventRounds "9"]
[EventCountry "GRE"]
[SourceTitle "CBM 217 Extra"]
[Source "ChessBase"]
[SourceDate "2024.01.31"]
[SourceVersion "1"]
[SourceVersionDate "2024.01.31"]
[SourceQuality "1"]

1. e4 c6 2. d4 d5 3. e5 Bf5 4. g4 Be4 5. f3 Bg6 6. e6 fxe6 7. h4 h5 8. Bd3 Bxd3 9. Qxd3 Qd6 10. g5 e5 11. dxe5 Qxe5+ 12. Ne2 e6 13. Nbc3 Nd7 14. Qg6+ Kd8 15. Qd3 Qf5 16. Qxf5 exf5 17. Nd4 Ne7 18. Nce2 Ne5 19. Bf4 N7g6 20. Bxe5 Nxe5 21. f4 Ng4 22. Nxf5 g6 23. Nfd4 Kd7 24. Kd2 c5 25. Nf3 Bd6 26. Rhf1 Rhf8 27. Ne1 Rf5 28. Ng2 Re8 29. Rf3 Re4 30. Re1 d4 31. Ng3 Bxf4+ 32. Nxf4 Rexf4 33. Nxf5 Rxf3 34. Ne7 Rf2+ 35. Kd3 Kd6 36. Nxg6 Ne3 37. c3 c4+ 38. Ke4 Ng2 39. Rd1 d3 40. b3 b5 41. bxc4 bxc4 42. a4 Kc5 43. Rb1 a6 44. Rd1 Re2+ 45. Kf3 Ne3 46. Rh1 Ng4 47. Nf4 Re3+ 48. Kg2 Re4 49. Nxh5 d2 50. g6 Re1 51. g7 d1Q 52. Rxe1 Qd2+ 53. Kh3 Nf2+ 54. Kg3 Qxe1 55. Kf3 Qxc3+ 56. Kg2 Qc2 57. g8Q Ne4+ 58. Kf3 Qd3+ 59. Kf4 Nd6 60. Qe6 Qd4+ 61. Kg3 c3 62. Nf4 c2 63. Qe1 Ne4+ 64. Kg4 Qg7+ 65. Kf3 Qb7 66. Nd3+ Kd4 67. Qe3+ Kc3 68. Nc5+ 1-0

[Event "GRE-ch (Women) 45th"]
[Site "Athens"]
[Date "2023.12.06"]
[Round "6"]
[White "Stefanidi, Maria Anna"]
[Black "Amiridou, Dimitra"]
[Result "1-0"]
[WhiteElo "1879"]
[BlackElo "1844"]
[PlyCount "69"]
[EventDate "2023.12.01"]
[EventType "tourn"]
[EventRounds "9"]
[EventCountry "GRE"]
[SourceTitle "CBM 217 Extra"]
[Source "ChessBase"]
[SourceDate "2024.01.31"]
[SourceVersion "1"]
[SourceVersionDate "2024.01.31"]
[SourceQuality "1"]

1. d4 Nf6 2. c4 g6 3. Nc3 Bg7 4. e4 d6 5. f3 0-0 6. Be3 e5 7. d5 a5 8. Nge2 h5 9. Qd2 Na6 10. Bg5 Qe8 11. h3 Nh7 12. Be3 f5 13. 0-0-0 Nc5 14. Nb5 fxe4 15. Bxc5 dxc5 16. Nxc7 Qd8 17. Nxa8 exf3 18. d6 fxe2 19. Bxe2 Bf5 20. Nc7 Ng5 21. Rhf1 Bh6 22. Rxf5 Rxf5 23. Kb1 b6 24. Qd5+ Nf7 25. Ne6 Qd7 26. g4 Rf2 27. gxh5 Rxe2 28. hxg6 Rf2 29. gxf7+ Rxf7 30. Rg1+ Kh7 31. Qe4+ Kh8 32. Qxe5+ Kh7 33. Qe4+ Kh8 34. Qg6 Bg7 35. Nxg7 1-0

[Event "GRE-ch (Women) 45th"]
[Site "Athens"]
[Date "2023.12.03"]
[Round "3"]
[White "Christodoulaki, Antonia"]
[Black "Amiridou, Dimitra"]
[Result "0-1"]
[WhiteElo "2068"]
[BlackElo "1844"]
[PlyCount "90"]
[EventDate "2023.12.01"]
[EventType "tourn"]
[EventRounds "9"]
[EventCountry "GRE"]
[SourceTitle "CBM 217 Extra"]
[Source "ChessBase"]
[SourceDate "2024.01.31"]
[SourceVersion "1"]
[SourceVersionDate "2024.01.31"]
[SourceQuality "1"]

1. e4 e5 2. Nf3 Nc6 3. Nc3 Nf6 4. d4 exd4 5. Nxd4 Bb4 6. Nxc6 bxc6 7. Bd3 0-0 8. 0-0 d5 9. exd5 cxd5 10. h3 h6 11. Qf3 Be6 12. a3 Be7 13. Rd1 c5 14. Ne2 Qb6 15. c3 Nd7 16. Bc2 Bd6 17. Qd3 Nf6 18. Rb1 Qc7 19. Qf3 Nd7 20. Nf4 Ne5 21. Qh5 Rae8 22. Bd2 d4 23. Rbc1 Qb6 24. b4 Nc4 25. Nxe6 Rxe6 26. Qf3 Ne5 27. Qe4 Ng6 28. Qd5 dxc3 29. Bxc3 Nf4 30. Qf5 g6 31. bxc5 Ne2+ 32. Kh1 gxf5 33. cxb6 Nxc3 34. Rd3 Ne4 35. Rf3 axb6 36. Rd1 Bc5 37. Kg1 Kh8 38. Rxf5 Nxf2 39. Rd7 Re1+ 40. Kh2 Re6 41. Bb3 Re1 42. a4 Rh1+ 43. Kg3 Ne4+ 44. Kf4 Rf1+ 45. Kg4 Rg8+ 0-1

[Event "GRE-chT 50th"]
[Site "Nikaia"]
[Date "2023.08.28"]
[Round "5.5"]
[White "Amiridou, Dimitra"]
[Black "Grapsa, Georgia"]
[Result "1/2-1/2"]
[WhiteElo "1861"]
[BlackElo "1942"]
[PlyCount "101"]
[EventDate "2023.08.25"]
[EventType "team"]
[EventRounds "9"]
[EventCountry "GRE"]
[SourceTitle "CBM 216 Extra"]
[Source "ChessBase"]
[SourceDate "2023.11.30"]
[SourceVersion "1"]
[SourceVersionDate "2023.11.30"]
[SourceQuality "1"]
[WhiteTeam "Thessalonikes Ares"]
[BlackTeam "Amo Galaxias"]
[WhiteTeamCountry "GRE"]
[BlackTeamCountry "GRE"]

1. e4 c5 2. Nf3 d6 3. Bc4 e6 4. c3 Nf6 5. d3 a6 6. Bb3 Be7 7. 0-0 b5 8. Re1 Bb7 9. Nbd2 Nbd7 10. Bc2 0-0 11. Nf1 Rc8 12. d4 cxd4 13. cxd4 Re8 14. Ng3 Bf8 15. Bg5 h6 16. Bd2 Qc7 17. Bd3 Qb8 18. h3 g6 19. Nh2 e5 20. d5 Nc5 21. Bf1 Rc7 22. Qf3 Ncd7 23. Ng4 Nxg4 24. Qxg4 Rc2 25. Be3 Qd8 26. f4 exf4 27. Bxf4 Ne5 28. Qd1 Rc8 29. Be2 Qh4 30. Rf1 Bg7 31. Qb3 Rc7 32. a4 Rb8 33. axb5 axb5 34. Ra5 Bc8 35. Rxb5 Rcb7 36. Rxb7 Rxb7 37. Qa4 Qd8 38. Qc2 Rxb2 39. Qc1 Bd7 40. Bxh6 Qb6+ 41. Kh1 Bxh6 42. Qxh6 Rb1 43. Qf4 Rxf1+ 44. Nxf1 Ba4 45. Ne3 Qb1+ 46. Kh2 Qe1 47. Bf3 Qd2 48. Kg3 Qe1+ 49. Kh2 Qd2 50. Kg3 Nd3 51. Qh6 1/2-1/2

[Event "GRE-chT 50th"]
[Site "Nikaia"]
[Date "2023.08.25"]
[Round "1.5"]
[White "Amiridou, Dimitra"]
[Black "Kiousi, Panagiota"]
[Result "0-1"]
[WhiteElo "1861"]
[BlackElo "1834"]
[PlyCount "60"]
[EventDate "2023.08.25"]
[EventType "team"]
[EventRounds "9"]
[EventCountry "GRE"]
[SourceTitle "CBM 216 Extra"]
[Source "ChessBase"]
[SourceDate "2023.11.30"]
[SourceVersion "1"]
[SourceVersionDate "2023.11.30"]
[SourceQuality "1"]
[WhiteTeam "Thessalonikes Ares"]
[BlackTeam "Phisiolatris"]
[WhiteTeamCountry "GRE"]
[BlackTeamCountry "GRE"]

1. e4 c5 2. Nf3 d6 3. Bc4 Nf6 4. d3 e6 5. c3 Be7 6. 0-0 0-0 7. Bb3 b5 8. Re1 Bb7 9. Nbd2 Qb6 10. d4 Nc6 11. d5 exd5 12. exd5 Ne5 13. Nxe5 dxe5 14. c4 Qc7 15. Nf3 e4 16. Ng5 Bd6 17. Nxe4 Bxh2+ 18. Kh1 Nxe4 19. Rxe4 Rae8 20. Qe2 Rxe4 21. Qxe4 Be5 22. cxb5 Qd6 23. Be3 f5 24. Qh4 f4 25. Bd2 Bxd5 26. Bxd5+ Qxd5 27. Re1 f3 28. g3 Qxd2 29. Qc4+ Kh8 30. Rxe5 Qxf2 0-1

[Event "Montesilvano Easter op 8th"]
[Site "Montesilvano"]
[Date "2023.04.10"]
[Round "6"]
[White "Amiridou, Dimitra"]
[Black "Dionigi, Riccardo"]
[Result "0-1"]
[WhiteElo "1858"]
[BlackElo "2039"]
[PlyCount "118"]
[EventDate "2023.04.07"]
[EventType "swiss"]
[EventRounds "6"]
[EventCountry "ITA"]
[SourceTitle "CBM 213 Extra"]
[Source "ChessBase"]
[SourceDate "2023.05.31"]
[SourceVersion "1"]
[SourceVersionDate "2023.05.31"]
[SourceQuality "1"]

1. e4 e5 2. Nf3 Nf6 3. Nxe5 d6 4. Nf3 Nxe4 5. Nc3 Nxc3 6. dxc3 Be7 7. Be3 Nc6 8. Qd2 Be6 9. 0-0-0 Qd7 10. Kb1 Bf6 11. Bg5 Bxg5 12. Nxg5 0-0-0 13. Nxe6 Qxe6 14. Bb5 Qf5 15. a4 Rhe8 16. Rhe1 Kb8 17. Bxc6 bxc6 18. Re3 Qg4 19. Qd4 Qxd4 20. cxd4 Rxe3 21. fxe3 f5 22. Rf1 g6 23. Rf3 Re8 24. Rh3 Re7 25. b4 Kb7 26. Kb2 c5 27. dxc5 dxc5 28. b5 c6 29. c4 cxb5 30. axb5 a6 31. bxa6+ Kxa6 32. Kc3 Kb6 33. Rf3 Kc6 34. h3 Kd6 35. g4 Ke5 36. Rf4 Rf7 37. Kd3 g5 38. Rf1 Rd7+ 39. Ke2 f4 40. h4 h6 41. Ra1 Ke4 42. exf4 Kxf4 43. Ra6 Kxg4 44. hxg5 hxg5 45. Rc6 Re7+ 46. Kf2 Re5 47. Rc8 Kf4 48. Rf8+ Ke4 49. Rd8 Rf5+ 50. Kg3 Rf3+ 51. Kg4 Rc3 52. Kxg5 Rxc4 53. Kg4 Rd4 54. Re8+ Kd3+ 55. Kf3 c4 56. Re3+ Kd2 57. Re2+ Kd1 58. Ke3 Rd3+ 59. Kf2 Rd2 0-1

[Event "Thessaloniki White Tower op-A 43rd"]
[Site "Thessaloniki"]
[Date "2023.01.05"]
[Round "6"]
[White "Leftheriotis, Alexandros"]
[Black "Amiridou, Dimitra"]
[Result "1-0"]
[WhiteElo "2051"]
[BlackElo "1839"]
[PlyCount "55"]
[EventDate "2023.01.02"]
[EventType "swiss"]
[EventRounds "9"]
[EventCountry "GRE"]
[SourceTitle "CBM 212 Extra"]
[Source "ChessBase"]
[SourceDate "2023.03.31"]
[SourceVersion "1"]
[SourceVersionDate "2023.03.31"]
[SourceQuality "1"]

1. d4 Nf6 2. Nf3 g6 3. Bg5 Ne4 4. Bh4 d5 5. e3 Bg7 6. Nbd2 Nd6 7. Be2 Nf5 8. Bg5 Nd7 9. h3 0-0 10. 0-0 c5 11. c3 cxd4 12. cxd4 Nf6 13. Qb3 h6 14. Bf4 g5 15. Be5 g4 16. hxg4 Nxg4 17. Bf4 h5 18. Ne5 Bxe5 19. dxe5 Be6 20. Qd1 Ngh6 21. Bxh5 Kh8 22. g4 Rg8 23. Kh2 Nxe3 24. fxe3 Bxg4 25. Qe1 Qf8 26. Rg1 Bxh5 27. Qh4 Rc8 28. Qxh5 1-0

[Event "Thessaloniki White Tower op-A 43rd"]
[Site "Thessaloniki"]
[Date "2023.01.03"]
[Round "2"]
[White "Tsironis, Alexandros"]
[Black "Amiridou, Dimitra"]
[Result "0-1"]
[WhiteElo "1998"]
[BlackElo "1839"]
[PlyCount "76"]
[EventDate "2023.01.02"]
[EventType "swiss"]
[EventRounds "9"]
[EventCountry "GRE"]
[SourceTitle "CBM 212 Extra"]
[Source "ChessBase"]
[SourceDate "2023.03.31"]
[SourceVersion "1"]
[SourceVersionDate "2023.03.31"]
[SourceQuality "1"]

1. d4 Nf6 2. c4 g6 3. Nc3 Bg7 4. e4 d6 5. h3 0-0 6. Be3 Nbd7 7. g4 a6 8. Nge2 b5 9. cxb5 axb5 10. Ng3 b4 11. Nce2 c5 12. Bg2 e5 13. dxc5 Nxc5 14. g5 Nfd7 15. 0-0 Qb6 16. Qd2 Bb7 17. Nc1 f5 18. exf5 Bxg2 19. Kxg2 Qc6+ 20. Kg1 gxf5 21. Qxb4 Ra4 22. Qd2 f4 23. Bxc5 Nxc5 24. Nh5 Rf5 25. h4 f3 26. Ng3 Rg4 27. Qc2 Rff4 28. Nb3 e4 29. Qc4+ Kh8 30. Nxc5 dxc5 31. Rad1 Qc8 32. Qd5 Rf8 33. Qd7 Qxd7 34. Rxd7 Bd4 35. Rxd4 cxd4 36. Rd1 e3 37. Kh2 Rxh4+ 38. Kg1 e2 0-1

[Event "GRE-ch (Women) 44th"]
[Site "Athens"]
[Date "2022.12.09"]
[Round "9"]
[White "Amiridou, Dimitra"]
[Black "Gkoutzouki, Aikaterini Argyro"]
[Result "1/2-1/2"]
[WhiteElo "1871"]
[BlackElo "1618"]
[PlyCount "94"]
[EventDate "2022.12.03"]
[EventType "tourn"]
[EventRounds "11"]
[EventCountry "GRE"]
[SourceTitle "CBM 211 Extra"]
[Source "ChessBase"]
[SourceDate "2023.01.31"]
[SourceVersion "1"]
[SourceVersionDate "2023.01.31"]
[SourceQuality "1"]

1. e4 c5 2. Nc3 Nc6 3. Bb5 g6 4. Bxc6 dxc6 5. d3 Bg7 6. Be3 b6 7. Qd2 Qc7 8. f4 Be6 9. Nf3 0-0-0 10. Ng5 Qd7 11. a4 a5 12. Ra3 Bd4 13. Nxe6 Qxe6 14. Nd1 Nf6 15. Qe2 Qg4 16. h3 Qxe2+ 17. Kxe2 Bxe3 18. Nxe3 Rd4 19. g4 Rdd8 20. Rb1 Kc7 21. Nc4 Nd7 22. c3 Rb8 23. b4 cxb4 24. cxb4 axb4 25. Rxb4 Nc5 26. Rc3 Nd7 27. Na3 c5 28. Rb2 Rhc8 29. Nb5+ Kd8 30. Rc4 Ra8 31. Ke3 Ra5 32. Nc3 Rca8 33. e5 e6 34. Ke4 Ke7 35. f5 gxf5+ 36. gxf5 Rg8 37. fxe6 fxe6 38. Rf2 Rg5 39. Kf4 Rf5+ 40. Kg3 Rxf2 41. Kxf2 Nxe5 42. Rh4 Nxd3+ 43. Ke2 Nb2 44. Rxh7+ Kf6 45. Rh6+ Kf5 46. Rh4 c4 47. Kf3 Kg6 1/2-1/2

[Event "GRE-ch (Women) 44th"]
[Site "Athens"]
[Date "2022.12.07"]
[Round "7"]
[White "Amiridou, Dimitra"]
[Black "Drakaki, Anna Maria"]
[Result "1/2-1/2"]
[WhiteElo "1871"]
[BlackElo "1956"]
[PlyCount "94"]
[EventDate "2022.12.03"]
[EventType "tourn"]
[EventRounds "11"]
[EventCountry "GRE"]
[SourceTitle "CBM 211 Extra"]
[Source "ChessBase"]
[SourceDate "2023.01.31"]
[SourceVersion "1"]
[SourceVersionDate "2023.01.31"]
[SourceQuality "1"]

1. d4 Nf6 2. c4 e6 3. g3 d5 4. Bg2 Bb4+ 5. Nd2 c6 6. Ngf3 0-0 7. 0-0 Nbd7 8. Qc2 Bxd2 9. Nxd2 e5 10. e4 exd4 11. cxd5 cxd5 12. exd5 Ne5 13. Nc4 d3 14. Qc3 Nxc4 15. Qxc4 Bf5 16. Bf4 Qb6 17. Be5 Rac8 18. Qf4 Bg6 19. Rac1 Rc2 20. Bc3 Rd8 21. Qa4 h6 22. Rce1 Bh5 23. Bxf6 Qxf6 24. Re8+ Rxe8 25. Qxe8+ Kh7 26. Be4+ Bg6 27. Bxg6+ Qxg6 28. Qe3 Re2 29. Qf3 Rxb2 30. Rd1 d2 31. Qc3 Rc2 32. Qe3 Rxa2 33. Rxd2 Ra1+ 34. Kg2 Ra6 35. Qf4 Rf6 36. Qd4 Rd6 37. f3 a5 38. h4 h5 39. Qe4 b5 40. Qe8 b4 41. Qb5 Qf6 42. Qxa5 Qc3 43. Qa2 Qc5 44. Qb3 g6 45. Rd3 Kg8 46. Rd2 Ra6 47. Qb2 Qc3 1/2-1/2

[Event "GRE-chT 49th"]
[Site "Thessaloniki"]
[Date "2022.08.16"]
[Round "6.6"]
[White "Lubbe, Melanie"]
[Black "Amiridou, Dimitra"]
[Result "1-0"]
[WhiteElo "2353"]
[BlackElo "1868"]
[PlyCount "105"]
[EventDate "2022.08.12"]
[EventType "team-swiss"]
[EventRounds "7"]
[EventCountry "GRE"]
[SourceTitle "CBM 209 Extra"]
[Source "ChessBase"]
[SourceDate "2022.09.30"]
[SourceVersion "1"]
[SourceVersionDate "2022.09.30"]
[SourceQuality "1"]
[WhiteTeam "Panionios YS"]
[BlackTeam "Thessaloniki Aris"]
[WhiteTeamCountry "GRE"]
[BlackTeamCountry "GRE"]

1. d4 Nf6 2. Bf4 d5 3. e3 Bf5 4. f3 e6 5. g4 Bg6 6. h4 h6 7. Bd3 Bxd3 8. Qxd3 a6 9. Nc3 c5 10. Nh3 Nc6 11. 0-0-0 c4 12. Qe2 b5 13. e4 Bb4 14. g5 Bxc3 15. gxf6 Bxb2+ 16. Kxb2 gxf6 17. exd5 Qxd5 18. c3 b4 19. Bd2 Rb8 20. Ka1 b3 21. Bf4 Rb6 22. Nf2 Qa5 23. Ne4 f5 24. Bc7 fxe4 25. Bxb6 Qxb6 26. fxe4 Qa5 27. Qb2 Ke7 28. Rh3 Qa4 29. Rf1 Rb8 30. Qf2 Nd8 31. Rf3 Qe8 32. Qb2 Qa4 33. a3 Rb5 34. Kb1 Ra5 35. Rf6 h5 36. Rh6 Qc6 37. d5 Qd6 38. Qf2 Qe5 39. Qf6+ Qxf6 40. Rhxf6 Rxa3 41. dxe6 fxe6 42. Rh6 Nc6 43. Rxh5 Ra2 44. Rc5 Kd6 45. Rxc4 Rh2 46. Rd1+ Kc7 47. e5 Kb6 48. Rd6 Kb5 49. Rdxc6 a5 50. R6c5+ Kb6 51. Rc8 Kb5 52. Rd4 Re2 53. Rb8+ 1-0

[Event "GRE-chT 49th"]
[Site "Thessaloniki"]
[Date "2022.08.14"]
[Round "4.5"]
[White "Amiridou, Dimitra"]
[Black "Grapsa, Georgia"]
[Result "0-1"]
[WhiteElo "1868"]
[BlackElo "1960"]
[PlyCount "72"]
[EventDate "2022.08.12"]
[EventType "team-swiss"]
[EventRounds "7"]
[EventCountry "GRE"]
[SourceTitle "CBM 209 Extra"]
[Source "ChessBase"]
[SourceDate "2022.09.30"]
[SourceVersion "1"]
[SourceVersionDate "2022.09.30"]
[SourceQuality "1"]
[WhiteTeam "Thessaloniki Aris"]
[BlackTeam "Amo Galaxias"]
[WhiteTeamCountry "GRE"]
[BlackTeamCountry "GRE"]

1. e4 c6 2. d4 d5 3. Nc3 dxe4 4. Nxe4 Nf6 5. Nxf6+ exf6 6. c3 Bd6 7. Bd3 0-0 8. Ne2 Re8 9. 0-0 h5 10. Nf4 Qc7 11. Re1 Rxe1+ 12. Qxe1 Nd7 13. Qe4 Nf8 14. Nxh5 Bxh2+ 15. Kh1 Bd6 16. Bh6 f5 17. Qe3 Qd8 18. Bg5 Qc7 19. Bf6 f4 20. Qe2 g6 21. Re1 Be6 22. Qf3 Bd5 23. Qh3 Nh7 24. Qg4 Qc8 25. Qh4 Qc7 26. Bh8 f5 27. Be5 Re8 28. Nf6+ Nxf6 29. Qxf6 Qh7+ 30. Kg1 Be7 31. Qh8+ Qxh8 32. Bxh8 Kxh8 33. c4 Bf7 34. d5 Bb4 35. Rd1 cxd5 36. cxd5 Bxd5 0-1

[Event "GRE-chT 49th"]
[Site "Thessaloniki"]
[Date "2022.08.13"]
[Round "2"]
[White "Krasteva, Beloslava"]
[Black "Amiridou, Dimitra"]
[Result "0-1"]
[WhiteElo "2269"]
[BlackElo "1868"]
[PlyCount "132"]
[EventDate "2022.08.12"]
[EventType "team-swiss"]
[EventRounds "7"]
[EventCountry "GRE"]
[SourceTitle "EXT 2024"]
[Source "ChessBase"]
[SourceDate "2023.10.10"]
[SourceVersion "1"]
[SourceVersionDate "2023.10.10"]
[SourceQuality "1"]
[WhiteTeam "Eso Papafe Chronikon"]
[BlackTeam "Thessaloniki Aris"]
[WhiteTeamCountry "GRE"]
[BlackTeamCountry "GRE"]

1. d4 Nf6 2. c4 g6 3. Nc3 Bg7 4. e4 d6 5. h3 0-0 6. Be3 Nc6 7. d5 Ne5 8. f4 Ned7 9. g4 c6 10. Nf3 cxd5 11. cxd5 b6 12. Bg2 Ba6 13. Qc2 e5 14. f5 gxf5 15. gxf5 Nc5 16. 0-0-0 Rc8 17. Nh2 b5 18. a3 Qa5 19. Ng4 b4 20. Nxf6+ Bxf6 21. axb4 Qxb4 22. Kb1 Bc4 23. Bf3 Kh8 24. Bxc5 Rxc5 25. Qd2 Rb8 26. Rh2 Bb3 27. Rg1 Qd4 28. Rhg2 Qxd2 29. Rxd2 Rxc3 30. bxc3 Bd1+ 31. Ka2 Bxf3 32. Re1 Bd8 33. Rd3 Bh5 34. Ka3 Bb6 35. Rd2 Rg8 36. Rd3 Rg2 37. Kb4 f6 38. Kb3 Be8 39. Rf3 h5 40. h4 Rg4 41. Rh3 Bf2 42. Re2 Bc5 43. Kc4 Kg7 44. Kd3 Kf7 45. Rb2 Bb6 46. Re2 Ke7 47. Rb2 Kd7 48. Re2 Kc7 49. Rb2 Bc5 50. Ra2 Rg1 51. Rf3 Bb5+ 52. c4 Be8 53. Rh3 Rd1+ 54. Kc3 Bd4+ 55. Kc2 Rg1 56. Kd3 Kb6 57. Rhh2 Rg3+ 58. Kd2 a5 59. Kc1 a4 60. Rhg2 Rg4 61. Kd1 Kc5 62. Rxg4 hxg4 63. Ke2 Kb4 64. Kd3 Kb3 65. Rh2 g3 66. Rg2 a3 0-1

[Event "Chania Theodorakis Memorial 1st"]
[Site "Chania"]
[Date "2022.04.27"]
[Round "5"]
[White "Bogdanov, Egor"]
[Black "Amiridou, Dimitra"]
[Result "1-0"]
[WhiteElo "2426"]
[BlackElo "1856"]
[PlyCount "37"]
[EventDate "2022.04.25"]
[EventType "swiss"]
[EventRounds "9"]
[EventCountry "GRE"]
[SourceTitle "CBM 208 Extra"]
[Source "ChessBase"]
[SourceDate "2022.07.31"]
[SourceVersion "1"]
[SourceVersionDate "2022.07.31"]
[SourceQuality "1"]

1. e4 c5 2. c3 Nf6 3. e5 Nd5 4. d4 cxd4 5. Nf3 e6 6. cxd4 b6 7. Bc4 Ba6 8. Bxd5 exd5 9. a3 Qc8 10. Nc3 Qc4 11. Be3 Nc6 12. Nd2 Qd3 13. Nxd5 Rc8 14. Nf4 Qb5 15. Qb3 Bb4 16. axb4 Nxb4 17. Ne4 Rc6 18. d5 g5 19. dxc6 1-0

[Event "GRE-chT2 48th"]
[Site "Thessaloniki"]
[Date "2021.10.08"]
[Round "5.3"]
[White "Peycheva, Gergana"]
[Black "Amiridou, Dimitra"]
[Result "1-0"]
[WhiteElo "2316"]
[BlackElo "1830"]
[PlyCount "69"]
[EventDate "2021.10.05"]
[EventType "team-swiss"]
[EventRounds "7"]
[EventCountry "GRE"]
[SourceTitle "CBM 204 Extra"]
[Source "ChessBase"]
[SourceDate "2021.11.30"]
[SourceVersion "1"]
[SourceVersionDate "2021.11.30"]
[SourceQuality "1"]
[WhiteTeam "Alexandroupolis Ethnikos"]
[BlackTeam "Thessaloniki Aris"]
[WhiteTeamCountry "GRE"]
[BlackTeamCountry "GRE"]

1. d4 Nf6 2. c4 g6 3. Nc3 Bg7 4. e4 d6 5. Be2 0-0 6. Nf3 e5 7. 0-0 Nc6 8. d5 Ne7 9. b4 Nh5 10. g3 f5 11. Ng5 Nf6 12. f3 f4 13. a4 h6 14. Ne6 Bxe6 15. dxe6 fxg3 16. hxg3 Qc8 17. Nd5 Qxe6 18. Nxc7 Qh3 19. Rf2 Nxe4 20. Rh2 Qd7 21. fxe4 Qxc7 22. Be3 Rad8 23. b5 d5 24. cxd5 Nxd5 25. exd5 e4 26. Ra3 Qxg3+ 27. Rg2 Qd6 28. Ra2 Rf5 29. Rc2 Kh7 30. Qc1 Rxd5 31. Rc7 g5 32. Rxb7 Rc8 33. Qxc8 Rd1+ 34. Bxd1 Qxd1+ 35. Kh2 1-0

[Event "GRE-chT Online Rapid (Women) 1st"]
[Site "Tornelo INT"]
[Date "2021.02.21"]
[Round "5.2"]
[White "Skaraki, Antigoni"]
[Black "Amiridou, Dimitra"]
[Result "1-0"]
[WhiteElo "1956"]
[BlackElo "1804"]
[PlyCount "45"]
[EventDate "2021.02.20"]
[EventType "team-swiss (rapid)"]
[EventRounds "9"]
[EventCountry "GRE"]
[SourceTitle "EXT 2023"]
[Source "ChessBase"]
[SourceDate "2022.10.05"]
[SourceVersion "1"]
[SourceVersionDate "2022.10.05"]
[SourceQuality "1"]

1. e4 c5 2. Nf3 d6 3. d4 cxd4 4. Nxd4 Nf6 5. Nc3 Nc6 6. f4 e5 7. Nxc6 bxc6 8. fxe5 Ng4 9. Bf4 Qb6 10. Qd2 dxe5 11. Bg5 f6 12. Bh4 Be6 13. Na4 Qb7 14. Rd1 Be7 15. h3 Rd8 16. Bd3 Nh6 17. 0-0 0-0 18. Bf2 f5 19. exf5 Nxf5 20. Qe2 Bd6 21. Nc5 Qc8 22. Nxe6 Qxe6 23. Bc4 1-0

[Event "GRE-chT Online Rapid (Women) 1st"]
[Site "Tornelo INT"]
[Date "2021.02.20"]
[Round "4.3"]
[White "Amiridou, Dimitra"]
[Black "Pagali, Marianna"]
[Result "1-0"]
[WhiteElo "1804"]
[BlackElo "1742"]
[PlyCount "75"]
[EventDate "2021.02.20"]
[EventType "team-swiss (rapid)"]
[EventRounds "9"]
[EventCountry "GRE"]
[SourceTitle "EXT 2023"]
[Source "ChessBase"]
[SourceDate "2022.10.05"]
[SourceVersion "1"]
[SourceVersionDate "2022.10.05"]
[SourceQuality "1"]

1. e4 c6 2. d4 d5 3. Nc3 dxe4 4. Nxe4 Bf5 5. Ng3 Bg6 6. h4 h6 7. Nf3 Nd7 8. h5 Bh7 9. Bd3 Bxd3 10. Qxd3 e6 11. Bf4 Qa5+ 12. Bd2 Bb4 13. c3 Be7 14. c4 Qc7 15. 0-0-0 Ngf6 16. Ne4 Nxe4 17. Qxe4 Nf6 18. Qe2 b5 19. c5 Nd5 20. Qe5 Qxe5 21. Nxe5 Rc8 22. f4 Bf6 23. Rde1 Bxe5 24. Rxe5 Kd7 25. Rhe1 Rhe8 26. g4 Ra8 27. b4 Nf6 28. g5 hxg5 29. Rxg5 Rh8 30. Rxg7 Raf8 31. h6 Rhg8 32. f5 Rxg7 33. fxe6+ fxe6 34. hxg7 Rg8 35. Rf1 Ng4 36. Rf7+ Kd8 37. Rxa7 Nf2 38. Ra8+ 1-0

[Event "GRE-chT Online Rapid (Women) 1st"]
[Site "Tornelo INT"]
[Date "2021.02.20"]
[Round "3.2"]
[White "Georgitsi, Antigoni"]
[Black "Amiridou, Dimitra"]
[Result "0-1"]
[WhiteElo "1789"]
[BlackElo "1804"]
[PlyCount "88"]
[EventDate "2021.02.20"]
[EventType "team-swiss (rapid)"]
[EventRounds "9"]
[EventCountry "GRE"]
[SourceTitle "EXT 2023"]
[Source "ChessBase"]
[SourceDate "2022.10.05"]
[SourceVersion "1"]
[SourceVersionDate "2022.10.05"]
[SourceQuality "1"]

1. c4 Nf6 2. Nc3 g6 3. e4 d6 4. d4 Bg7 5. f3 0-0 6. Be3 c6 7. Qd2 a6 8. h4 h5 9. Bh6 b5 10. 0-0-0 bxc4 11. g4 Nbd7 12. gxh5 Nxh5 13. Bxc4 d5 14. exd5 Nb6 15. Bb3 cxd5 16. Nge2 Bf5 17. Bxg7 Kxg7 18. Nf4 Nxf4 19. Qxf4 Rc8 20. h5 Rh8 21. hxg6 fxg6 22. Qe5+ Kf7 23. Rxh8 Qxh8 24. Bxd5+ e6 25. Qxh8 Rxh8 26. Be4 Nc4 27. b3 Ne3 28. Re1 Ng2 29. Rg1 Nf4 30. Bxf5 gxf5 31. Kd2 Rh2+ 32. Ke3 Nh3 33. Rc1 f4+ 34. Ke4 Nf2+ 35. Kxf4 Nd3+ 36. Kg3 Rd2 37. Re1 Nxe1 38. Ne4 Rg2+ 39. Kf4 Rxa2 40. Ke5 Nd3+ 41. Kd6 Nf4 42. Ke5 Ng6+ 43. Kd6 Ra5 44. Nc5 Rb5 0-1

[Event "GRE-ch Online Blitz op 1st"]
[Site "Tornelo INT"]
[Date "2021.02.07"]
[Round "12"]
[White "Amiridou, Dimitra"]
[Black "Kyparissopoulos, Spyridon"]
[Result "1-0"]
[WhiteElo "1804"]
[BlackElo "1196"]
[PlyCount "47"]
[EventDate "2021.02.07"]
[EventType "swiss (blitz)"]
[EventRounds "16"]
[EventCountry "GRE"]
[SourceTitle "EXT 2023"]
[Source "ChessBase"]
[SourceDate "2022.10.05"]
[SourceVersion "1"]
[SourceVersionDate "2022.10.05"]
[SourceQuality "1"]

1. e4 c5 2. Nf3 d6 3. d4 cxd4 4. Nxd4 Nf6 5. Nc3 a6 6. Bg5 e6 7. f4 Be7 8. Qf3 Qc7 9. 0-0-0 Nbd7 10. g4 b5 11. Bxf6 Nxf6 12. g5 Nd7 13. f5 Bxg5+ 14. Kb1 e5 15. Nd5 Qc5 16. Nb3 Qa7 17. f6 Bxf6 18. Bh3 Be7 19. Nxe7 Kxe7 20. Rhf1 f6 21. Rg1 Rg8 22. Qd3 Qc7 23. Qd5 Nb6 24. Qxg8 1-0

[Event "GRE-ch Online Blitz op 1st"]
[Site "Tornelo INT"]
[Date "2021.02.07"]
[Round "14"]
[White "Amiridou, Dimitra"]
[Black "Tsampouli, Vasiliki"]
[Result "1-0"]
[WhiteElo "1804"]
[BlackElo "1479"]
[PlyCount "63"]
[EventDate "2021.02.07"]
[EventType "swiss (blitz)"]
[EventRounds "16"]
[EventCountry "GRE"]
[SourceTitle "EXT 2023"]
[Source "ChessBase"]
[SourceDate "2022.10.05"]
[SourceVersion "1"]
[SourceVersionDate "2022.10.05"]
[SourceQuality "1"]

1. e4 e5 2. Nf3 Nc6 3. Bb5 a6 4. Ba4 Nf6 5. 0-0 b5 6. Bb3 Be7 7. d3 d6 8. h3 0-0 9. c3 Na5 10. Bc2 c5 11. a3 Qc7 12. Nbd2 Re8 13. Nh2 Bf8 14. f4 c4 15. fxe5 dxe5 16. Ndf3 cxd3 17. Qxd3 Rd8 18. Qe2 Nc4 19. Kh1 h6 20. Nh4 Bc5 21. Bxh6 gxh6 22. Rxf6 Rd6 23. Raf1 Ne3 24. Rxf7 Qxf7 25. Rxf7 Kxf7 26. Bb3+ Kg7 27. Nf5+ Nxf5 28. exf5 Kf6 29. Ng4+ Kxf5 30. Qf3+ Kg5 31. g3 Rb8 32. h4+ 1-0